| 000 | 01142nam a2200313 a 4500 | ||
|---|---|---|---|
| 003 | CHAP | ||
| 005 | 20230623185737.0 | ||
| 007 | ta | ||
| 008 | 230622b ao||frc||| 001 0 spa d | ||
| 040 |
_amxchpua _cCHAP _erda |
||
| 050 | 1 | 0 |
_aC Q183.9 _b.C38 [19--] |
| 082 | 0 | 0 |
_aC 500.0294 _bC38 [19--] _220 |
| 245 | 1 | 0 | _aCatalogue scientific apparatus Kagaku Kyoeisha Japan |
| 250 | _a1a edición | ||
| 264 |
_aJapón : _bKagaku Kyoeisha, _c[19--] |
||
| 300 |
_a120 páginas : _bilustraciones, fotos, tablas |
||
| 336 |
_2rdacontent _atexto _btxt |
||
| 337 |
_2rdamedia _asin medio _bn |
||
| 338 |
_2rdacarrier _avolumen _bnc |
||
| 490 | 1 |
_aScientific apparatus (Kagaku Kyoeisha) _v33 |
|
| 650 | 1 | 3 |
_941975 _aFísica _vCatálogos _xInstrumentos |
| 650 | 1 | 3 |
_993552 _aQuímica _vCatálogos _xInstrumentos |
| 650 | 1 | 3 |
_9144152 _aCiencias biológicas _vCatálogos _xInstrumentos |
| 650 | 1 | 3 |
_9154866 _aPhysics _vCatalogs _xInstruments |
| 650 | 1 | 3 |
_9149016 _aChemistry _vCatalogs _xInstruments |
| 650 | 1 | 3 |
_9186313 _aBiological Sciences _vCatalogs _xInstruments |
| 830 |
_9187461 _aScientific apparatus (Kagaku Kyoeisha) _v33 |
||
| 942 |
_2ddc _cLibro |
||
| 999 |
_c218982 _d218982 |
||